| 000 | 00000nam 2200000zi 4500 |
| 001 | 9.926070 |
| 003 | CaOODSP |
| 005 | 20240213112804 |
| 006 | m o d f |
| 007 | cr cn||||||||| |
| 008 | 230811t20232023onc o f000 0 fre d |
| 020 | |a9780660499529 |
| 040 | |aCaOODSP|bfre|erda|cCaOODSP |
| 043 | |an-cn--- |
| 086 | 1 |aRv4-189/2023F-PDF |
| 245 | 00|aRecherche sur l'opinion publique concernant la paie électronique de 2022-2023 : |brapport définitif / |cpréparé pour l'Agence du revenu du Canada. |
| 264 | 1|a[Ottawa] : |bAgence du revenu du Canada = Canada Revenue Agency, |c2023. |
| 264 | 4|c©2023 |
| 300 | |a1 ressource en ligne (86 pages) + |e1 résumé (10 pages) |
| 336 | |atexte|btxt|2rdacontent/fre |
| 337 | |ainformatique|bc|2rdamedia/fre |
| 338 | |aressource en ligne|bcr|2rdacarrier/fre |
| 500 | |aTitre de la couverture. |
| 500 | |a« Non classifié. » |
| 500 | |a« Septembre 2023. » |
| 500 | |a« Nom du fournisseur : Nanos Research. » |
| 500 | |a« Numéro de contrat : CW2274121. » |
| 500 | |a« Numéro d'enregistrement : POR-135-22. » |
| 500 | |aPublié aussi en anglais sous le titre : 2022-2023 ePayroll public opinion research : final report. |
| 520 | |a« Le gouvernement du Canada a lancé une initiative appelée « paie électronique » qui vise à formuler une recommandation pour la modernisation de la façon dont les employeurs envoient les renseignements relatifs à la paie, à l'emploi et à la démographie aux ministères et aux organismes. L'objectif est de réduire le fardeau administratif pour les employeurs canadiens et de simplifier le versement des prestations et la prestation des services du gouvernement. L'initiative est dirigée par l'Agence du revenu du Canada (ARC), en partenariat avec Emploi et Développement social Canada et le Bureau de la dirigeante principale de l'information du Secrétariat du Conseil du Trésor. Cette initiative fait partie de l'engagement pris par le gouvernement dans le budget de 2021 à l'égard de la proposition d'une solution en temps quasi réel visant à mieux servir les entreprises canadiennes » -- Rapport sommaire, page 2. |
| 650 | 6|aBulletins de paye|zCanada|xLogiciels|xOpinion publique. |
| 650 | 6|aAdministration publique (Science)|zCanada|xOpinion publique. |
| 650 | 6|aOpinion publique|zCanada. |
| 710 | 2 |aNanos Research (Firme), |econsultant. |
| 710 | 2 |aAgence du revenu du Canada, |eorganisme de publication. |
| 775 | 08|t2022-2023 ePayroll public opinion research : |w(CaOODSP)9.926071 |
| 856 | 40|qPDF|s911 Ko|uhttps://publications.gc.ca/collections/collection_2023/arc-cra/Rv4-189-2023-fra.pdf|zRapport définitif |
| 856 | 40|qPDF|s251 Ko|uhttps://publications.gc.ca/collections/collection_2023/arc-cra/Rv4-189-2023-1-fra.pdf|zRésumé |
| 856 | 4 |qHTML|sS.O.|uhttps://epe.bac-lac.gc.ca/100/200/301/pwgsc-tpsgc/por-ef/canada_revenue_agency/2023/135-22-f/POR135-22-rapport.html|zRapport définitif |
| 856 | 4 |qHTML|sS.O.|uhttps://epe.bac-lac.gc.ca/100/200/301/pwgsc-tpsgc/por-ef/canada_revenue_agency/2023/135-22-f/sommaire/POR135-22-sommaire.html|zRésumé |